Entry Nombre personal
001 - NÚMERO DE CONTROL
- campo de control: 167313
003 - IDENTIFICADOR DE NÚMERO DE CONTROL
- campo de control: SpMaBN
005 - FECHA Y HORA DE LA ÚLTIMA TRANSACCIÓN
- campo de control: 20250818224348.0
008 - ELEMENTOS DE DATO DE LONGITUD-FIJA
- campo de control de longitud fija: 160480nn ainnnaabn a aaa
016 ## - NÚMERO DE CONTROL DE UNA AGENCIA BIBLIOGRÁFICA NACIONAL
- Número de control del registro: BNE19920549873
024 7# - IDENTIFICADOR DE OTROS ESTÁNDARES
- Número estándar o código: http://viaf.org/viaf/42109918/
- Fuente: viaf
024 8# - IDENTIFICADOR DE OTROS ESTÁNDARES
- Número estándar o código: https://data.cervantesvirtual.com/person/17594
024 7# - IDENTIFICADOR DE OTROS ESTÁNDARES
- Número estándar o código: https://isni.org/isni/0000000066391607
- Fuente: isni
024 7# - IDENTIFICADOR DE OTROS ESTÁNDARES
- Número estándar o código: http://www.wikidata.org/entity/Q3916557
- Fuente: wikidata
040 ## - FUENTE DE CATALOGACIÓN
- Centro catalogador/agencia de origen: SpMaBN
- Lengua de catalogación: spa
- Centro/agencia transcriptor: SpMaBN
- Normas de descripción: rdc
- Convención/Normas de encabezamiento de materia/tesauro: embne
046 ## - FECHAS CON CODIFICACIÓN ESPECIAL
- Fecha de nacimiento: 1772
- Fecha de la muerte: 1847
100 1# - ENCABEZAMIENTO-NOMBRE DE PERSONA
- Nombre de persona: Esteve Vilella, Rafael,
- Fechas asociadas al nombre: 1772-1847
370 ## - LUGAR ASOCIADO
- Lugar de nacimiento: España, Comunidad Valenciana, Valencia (Provincia), Valencia
- Fuente del término: embne
370 ## - LUGAR ASOCIADO
- Lugar de fallecimiento: España, Madrid (Comunidad Autónoma), Madrid
- Fuente del término: embne
372 ## - CAMPO DE ACTIVIDAD
- Campo de actividad: Reproducciones de obras de arte
- Campo de actividad: Grabados calcográficos
- Fuente del término: tgfbne
374 ## - OCUPACIÓN
- Ocupación: Grabadores
- Fuente del término: embne
375 ## - GÉNERO/SEXO
- Género: Masculino
400 1# - TRAZADO DE VÉASE--NOMBRE DE PERSONA
- Nombre de persona: Esteve, Rafael,
- Fechas asociadas al nombre: 1772-1847
400 1# - TRAZADO DE VÉASE--NOMBRE DE PERSONA
- Nombre de persona: Esteve y Vilella, Rafael,
- Fechas asociadas al nombre: 1772-1847
400 1# - TRAZADO DE VÉASE--NOMBRE DE PERSONA
- Nombre de persona: Esteve y Villela, Rafael,
- Fechas asociadas al nombre: 1772-1847
670 ## - FUENTE DE DATOS ENCONTRADOS
- Cita de la fuente: El grabador Rafael Esteve 1772-1847. Fundación de la Caixa de Pensiones, 1986
670 ## - FUENTE DE DATOS ENCONTRADOS
- Cita de la fuente: Páez. Repertorio
- Información encontrada: t. I, nº 681 (Esteve Vilella, Rafael (1772-1847) ; pintor y grabador valenciano...)
670 ## - FUENTE DE DATOS ENCONTRADOS
- Cita de la fuente: Estampas: cinco siglos de imagen impresa
- Información encontrada: p. 260 (Esteve y Vilella, Rafael, Valencia 1772, Madrid 1847; Calcógrafo)
670 ## - FUENTE DE DATOS ENCONTRADOS
- Cita de la fuente: WWW LC auth., 30-3-2021
- Información encontrada: (Esteve, Rafael, 1772-1847)
- Identificador Uniforme de Recursos: http://id.loc.gov/authorities/names/nr00010564
670 ## - FUENTE DE DATOS ENCONTRADOS
- Cita de la fuente: WWW BnF auth., 30-3-2021
- Información encontrada: (Esteve y Villela, Rafael (1772-1847))
- Identificador Uniforme de Recursos: https://data.bnf.fr/ark:/12148/cb14955646g
670 ## - FUENTE DE DATOS ENCONTRADOS
- Cita de la fuente: WWW Wikipedia, 30-3-2021
- Información encontrada: (Rafael Esteve Vilella (Valencia, 1 de julio de 1772 - Madrid, 1 de octubre de 1847) fue un grabador valenciano, el último de los grandes maestros del grabado de reproducción, y uno de los más destacados representantes del romanticismo en España. Miembro de una familia de artistas, fue hijo del escultor José Esteve Bonet y sobrino del pintor Agustín Esteve)
- Identificador Uniforme de Recursos: https://es.wikipedia.org/wiki/Rafael_Esteve
